Fundamentos de lingüística

Պահպանված է:
Մատենագիտական մանրամասներ
Հիմնական հեղինակ: Simone, Raffaele (Հեղինակ)
Ձևաչափ: Գիրք
Լեզու:իսպաներեն
Հրապարակվել է: Barcelona Ariel 1993
Շարք:Ariel linguistica
Խորագրեր:
Ցուցիչներ: Ավելացրեք ցուցիչ
Չկան պիտակներ, Եղեք առաջինը, ով նշում է այս գրառումը!

MARC

LEADER 00000nam a2200000 a 4500
001 UCY1202
003 CL-VaPUC
008 940824e19930000SP |||||||||||||||||spa|d
082 0 4 |a 410  |b SIM  |2 21 
100 0 |a Simone, Raffaele  |e author  |9 329121 
245 1 0 |a Fundamentos de lingüística 
300 |a 489 p 
942 |c BK 
945 |d 19940824 00:00:00  |a rbrito 
260 |a Barcelona  |b Ariel  |c 1993 
650 0 |a Lingüística  |9 265068 
583 |a last modification  |c 19940824 00:00:00  |k Rodrigo Vera 
490 0 |a Ariel linguistica 
999 |c 229978  |d 229976 
952 |0 0  |1 0  |4 0  |6 410_000000000000000_SIM_1993  |7 0  |8 ?  |9 231746  |a FDOPOS  |b FDOPOS  |d 2019-11-15  |i 3013235  |o 410 SIM 1993  |p 3013235  |r 2019-11-15  |w 2019-11-15  |y BK  |k MLA 
952 |0 0  |1 0  |4 0  |6 410_000000000000000_SIM_1993  |7 0  |8 A  |9 231747  |a BIBEDU  |b BIBEDU  |d 2019-11-15  |i 3018512  |o 410 SIM 1993  |p 3018512  |r 2019-11-15  |w 2019-11-15  |y BK  |k LIT